000 00548nam a2200217Ia 4500
003 OSt
005 20220918225836.0
006 a|||||r|||| 00| 0
007 ta
008 220917b |||||||| |||| 00| 0 eng d
024 _a246,375
037 _cTextual
040 _aARTS
_cARTS
_beng
041 _2eng
_aeng
082 _aX:275t4.N73, L3
245 0 _aColombo plan
260 _aNew
_bZealand Department of the Colombo
_c1973
300 _a318p.
_ccm.
942 _hX:275t4.N73, L3
_cTEXL
_2CC
999 _c286204
_d286204